000 00647nam a2200205 i 4500
001 bg
100 1 _aGessing, Ryszard
_d(1935- ).
245 0 _aZbiór zadań z teorii nieliniowych układów regulacji i sterowania /
_cRyszard Gessing, Michał Latarnik, Anna Skrzywan-Kosek.
250 _aWyd. 3 zmien.
260 _aWarszawa :
_bWydawn. Nauk.-Techn.,
_c1981.
300 _as. 420 :
_brys., tab.
504 _a[Zawiera bibliogr. s. 419-420].
700 1 _aLatarnik, Michał.
700 1 _aSkrzywan-Kosek, Anna.
040 _cBPK
041 _apol
080 _a681.5(075.8)(076)
942 _cKS
008 s pl f |000 0 pol
999 _c1726
_d1726
856 _uhttp://koha.tu.koszalin.pl/cgi-bin/koha/opac-detail.pl?biblionumber=1726
_yKatalog online BPK